/ انتخاب سجاد حیدر یلررم (Record no. 109319)

MARC details
000 -LEADER
fixed length control field 00797nam a22002297a 4500
005 - DATE AND TIME OF LATEST TRANSACTION
control field 20170123162352.0
010 ## - LIBRARY OF CONGRESS CONTROL NUMBER
LC control number A-318630
020 ## - INTERNATIONAL STANDARD BOOK NUMBER
Terms of availability 23.00
035 ## - SYSTEM CONTROL NUMBER
System control number A-318630
037 ## - SOURCE OF ACQUISITION
Source of stock number/acquisition Cen Lib/Ret
040 ## - CATALOGING SOURCE
Original cataloging agency DPL
Language of cataloging UR
082 ## - DEWEY DECIMAL CLASSIFICATION NUMBER
Classification number 840.8
Item number س ج ا
245 ## - TITLE STATEMENT
Title / انتخاب سجاد حیدر یلررم
Statement of responsibility, etc متربه ثریّا حسین
246 ## - VARYING FORM OF TITLE
Title proper/short title Intkhab Sajjad Hedar-ylrram
Remainder of title edited by Surayya Husain
260 ## - PUBLICATION, DISTRIBUTION, ETC. (IMPRINT)
Place of publication, distribution, etc لکھنوو
Name of publisher, distributor, etc اترپردیش اردو اکادمی
270 ## - ADDRESS
Address ٢٦٥٢/٥٥, پہلی منزل, کچہ چلن, دریا گنج
City لکھنوو
300 ## - PHYSICAL DESCRIPTION
Extent 618p.
Dimensions 22cm(Hb)
650 ## - SUBJECT ADDED ENTRY--TOPICAL TERM
Topical term or geographic name as entry element اردو ادب
General subdivision
Geographic subdivision
9 (RLIN) 137319
650 ## - SUBJECT ADDED ENTRY--TOPICAL TERM
Topical term or geographic name as entry element Urdu adab
9 (RLIN) 137320
700 ## - ADDED ENTRY--PERSONAL NAME
Personal name حسین، ثریّا
9 (RLIN) 137321
942 ## - ADDED ENTRY ELEMENTS (KOHA)
Source of classification or shelving scheme Dewey Decimal Classification
Koha item type Urdu Bks
Classification part 840.8
Call number prefix س ج ا
Holdings
Withdrawn status Lost status Damaged status Not for loan Home library Current library Date acquired Source of acquisition Cost, normal purchase price Total Checkouts Full call number Barcode Date last seen Copy number Cost, replacement price Price effective from Koha item type
        Central Library Central Library 04/03/2016 Cen Lib/Ref 23.00   840.8 س ج ا A-318630 04/03/2016 1 23.00 04/03/2016 Urdu Bks

© Delhi Public Library
Hit Counter
free hit counter